000 00574nam a22001937a 4500
003 BD-DhJNU
005 20250524041507.0
008 250524b |||||||| |||| 00| 0 eng d
020 _a0070442738
040 _aBD-DhJNU
_bENG
_cBD-DhJNU
_dBD-DhJNU
082 _223
_a302
100 _aMyers, David G.
245 _aSocial psychology /
_cDavid G. Myers.
260 _aNew York :
_bMcGraw-Hill Book Company,
_c1983.
300 _axii, 674 p. :
_bill. ;
_c25 cm.
504 _aincludes bibliographical reference and index
650 _aSocial psychology
942 _2ddc
_cBK
_n0
999 _c1739
_d1739